000 00661nam a2200205Ia 4500
005 20260121110130.0
008 008 260114s9999 xx 000 0 hin d
020 _a9788132367031
037 _aEBOOK
040 _aCRL
_bhin
_cCRL
041 _ahin
_2hin
084 _qCRL
100 _aराधिका बख्शी / Radhika Bakshi
_9942437
245 0 _aनर्सिंग और मिडवाइफरी / Nursing aur midwifery
260 _bभाषा प्रकाशन / Bhasha Prakashan
_c2021
856 _uhttps://bhashaprakashan.com/product-details/379560
942 _cEBOOK
999 _c1534102
_d1534102